| 000 | 00764nam a2200265 4500 | ||
|---|---|---|---|
| 001 | 1978 | ||
| 010 | _a9789895762521 | ||
| 021 |
_aPT _b547699/25 |
||
| 090 | _a1978 | ||
| 100 | _a20251119d2025 m||y0pory50030103ba | ||
| 101 | _apor | ||
| 102 | _aPT | ||
| 200 |
_aCartas a um jovem dissidente _fChristopher Hitchens _gtrad. Helder Marques |
||
| 205 | _a1ª edição | ||
| 210 |
_aLisboa _cGuerra e Paz _d2025 |
||
| 215 |
_a134, [2] p. _d23 cm |
||
| 225 | _aOs livros não se rendem | ||
| 300 | _aBMB-Registado | ||
| 304 | _aTít. orig.: Letters to a young contrarian | ||
| 606 |
_91620 _aAtitudes sociais |
||
| 675 |
_a316.64 _vBMB _zpor |
||
| 700 |
_aHitchens _bChristopher _f1949-2011 _92851 |
||
| 702 |
_92852 _aMarques _bHelder _4730 |
||
| 801 |
_aPT _bBMB _gRPC |
||
| 990 | _cLIVROS | ||